| 000 | 00000nam 2200000zi 4500 |
| 001 | 9.934155 |
| 003 | CaOODSP |
| 005 | 20250110145242 |
| 006 | m o d f |
| 007 | cr mn||||||||| |
| 008 | 240219e196708##onc ob f000 0 eng d |
| 040 | |aCaOODSP|beng|erda|cCaOODSP |
| 043 | |an-cn--- |
| 045 | |ax3x6 |
| 086 | 1 |aId35-14/1967E-PDF |
| 245 | 00|aEconomic history & performance of the Canadian aerospace industry : |binventory of capabilities and resources of the Canadian aerospace community. |
| 246 | 13|aEconomic history and performance of the Canadian aerospace industry : |binventory of capabilities and resources of the Canadian aerospace community |
| 246 | 14|aCanadian aerospace capabilities and resources |
| 264 | 1|aOttawa : |bDepartment of Industry, |cAugust 1967. |
| 264 | 4|c©1967 |
| 300 | |a1 online resource (xviii, 104 pages) : |billustrations |
| 336 | |atext|btxt|2rdacontent |
| 337 | |acomputer|bc|2rdamedia |
| 338 | |aonline resource|bcr|2rdacarrier |
| 500 | |a"Aerospace study - volume 2"--Cover. |
| 500 | |a"Cat. No.: Id 34-2 2"--Title page verso. |
| 500 | |aDigitized edition from print [produced by Innovation, Science and Economic Development Canada]. |
| 504 | |aIncludes bibliographical references (pages 103-104). |
| 650 | 0|aAircraft industry|zCanada. |
| 650 | 0|aAircraft supplies industry|zCanada. |
| 650 | 0|aAircraft engine industry|zCanada. |
| 650 | 0|aAerospace industries|zCanada. |
| 650 | 6|aIndustrie aéronautique|zCanada. |
| 650 | 6|aAvions|xÉquipement|xIndustrie|zCanada. |
| 650 | 6|aAvions|xMoteurs|xIndustrie|zCanada. |
| 650 | 6|aIndustries aérospatiales|zCanada. |
| 710 | 1 |aCanada. |bDepartment of Industry, |eissuing body. |
| 856 | 40|qPDF|s2.75 MB|uhttps://publications.gc.ca/collections/collection_2025/isde-ised/Id35-14-1967-eng.pdf |